Screening the public sphere : (Record no. 76370)

MARC details
000 -LEADER
fixed length control field 00640nam a22001937a 4500
005 - DATE AND TIME OF LATEST TRANSACTION
control field 20130618124356.0
010 ## - LCCN (DPL NO)
LC control number ENG-107482
020 ## - INTERNATIONAL STANDARD BOOK NUMBER
International Standard Book Number 9780415812443
Terms of availability 995.00
035 ## - SYSTEM CONTROL NUMBER
System control number EN-91015
037 ## - SOURCE OF ACQUISITION
Source of stock number/acquisition DBAD/PUB
082 ## - DEWEY DECIMAL CLASSIFICATION NUMBER
Classification number 320.954
100 ## - MAIN ENTRY--PERSONAL NAME
Personal name Saima Saeed
245 ## - TITLE STATEMENT
Title Screening the public sphere :
Statement of responsibility, etc by Saima Saeed
Remainder of title media and democracy in India /
260 ## - PUBLICATION, DISTRIBUTION, ETC. (IMPRINT)
Place of publication, distribution, etc New Delhi
Name of publisher, distributor, etc Routledge
Date of publication, distribution, etc 2013
270 ## - ADDRESS
Address 912Tolstoy House, 15-17 Tolstoy Marg, Connaught Place
City New Delhi
Postal code 110001
300 ## - PHYSICAL DESCRIPTION
Extent xx,428p.:
Dimensions 22cm(Hb)
Other physical details ill.
500 ## - GENERAL NOTE
General note Includes bibliographical references and index
942 ## - ADDED ENTRY ELEMENTS (KOHA)
Source of classification or shelving scheme Dewey Decimal Classification
Item type English Books
Call number suffix SAI
Classification part 320.954
Holdings
Withdrawn status Lost status Not for loan Collection code Home library Current library Date acquired Source of acquisition Cost, normal purchase price Full call number Barcode Copy number Cost, replacement price Koha item type
    Not For Loan Non-fiction D.B.Act.Division D.B.Act.Division 30/05/2013 DBAD/PUB 995.00 320.954 SAI EN-91015 1 995.00 English Books

© Delhi Public Library
Hit Counter
free hit counter